000 00775nam a22002777a 4500
001 BR8007429
003 BR-BrBNA
005 20230928090844.0
007 ta
008 230509b bl.||||| |||| 00| 0 por d
040 _aBR-BrBNA
_bpor
_cBiblioteca Nacional de Agricultura
041 _a(Por)
072 _aL10
_b5212
090 _ 5212 BR8007429
100 1 _aSilva, M. de A. e
110 1 _aUniversidade Federal de Vicosa, MG (Brasil). Depto. de Zootecnia
_910993
245 1 _aMelhoramento animal. Indices de selecao [bovino]
_bno. 44
260 3 _aVicosa, MG (Brasil):
_c1980.
300 _a65 p.
500 _a28 ref.
650 _aBOVINO
650 _aGENETICA ANIMAL
650 _aSELECAO GENETICA
909 _a202309
_bLucia
_c55
_dLucia Elande
942 _cBK
999 _c30922
_d30922